Нравственные воззрения В. Вундта. Вып. 1$90: Вып. 1 (Запись № 4463187)

Подробности
000 -МАРКЕР
контрольное поле 01368nam2a22002531 4500
001 - ИДЕНТИФИКАТОР ЗАПИСИ
контрольное поле v19\rc\1245789
005 - ИДЕНТИФИКАТОР ВЕРСИИ
контрольное поле 20250618022131.0
035 ## - ДРУГИЕ СИСТЕМНЫЕ НОМЕРА
Идентификатор записи (NLR Aleph) 004448772
100 ## - ДАННЫЕ ОБЩЕЙ ОБРАБОТКИ
Данные общей обработки 20060306d1888 |||y0rusy50 ca
101 0# - ЯЗЫК РЕСУРСА
Язык текста, звукозаписи и т.д. русский
102 ## - СТРАНА ПУБЛИКАЦИИ ИЛИ ПРОИЗВОДСТВА
Страна публикации Российская Федерация
105 ## - ПОЛЕ КОДИРОВАННЫХ ДАННЫХ: ТЕКСТОВЫЕ МАТЕРИАЛЫ, МОНОГРАФИЧЕСКИЕ
Кодированные данные о монографическом текстовом документе y z |||||
200 0# - ЗАГЛАВИЕ И СВЕДЕНИЯ ОБ ОТВЕТСТВЕННОСТИ
Основное заглавие Вып. 1
210 ## - ПУБЛИКАЦИЯ, РАСПРОСТРАНЕНИЕ И ДР.
Дата издания, распространения и т.д. 1888
Место издания, распространения и т.д. Б. м.
215 ## - ФИЗИЧЕСКАЯ ХАРАКТЕРИСТИКА
Специфическое обозначение материала и объем [2], 137, [2] с.
300 ## - ОБЩИЕ ПРИМЕЧАНИЯ
Текст примечания На обл. дата: 1889
461 #0 - УРОВЕНЬ НАБОРА
Встроенное поле 001v19\rc\1245788
-- 2001#$aНравственные воззрения В. Вундта$e("Этика", ч. 1 и 2, изд. "Русского богатства")$eКритич. исследование А. Бао. Вып. 1$vВып. 1$90
-- 700#1$aБао$bА.К.$f1863-1893$gАлександр Константинович
Системный номер (АБИС) связанной записи 4463183
Автор Бао, А.К. (1863-1893)
Место публикации Воронеж
Дата публикации 1888
Имя издателя, распространителя и т.д. типо-лит. Губ. правл.
Сведения, относящиеся к заглавию ("Этика", ч. 1 и 2, изд. "Русского богатства") : Критич. исследование А. Бао. Вып. 1
Заглавие Нравственные воззрения В. Вундта
Номер тома Вып. 1$90
604 ## - ИМЯ И ЗАГЛАВИЕ КАК ПРЕДМЕТ
Связываемые данные 50010$aЭтика
-- 700#1$aВундт$bВ.М.$f1832-1920$gВильгельм Макс
Заглавие Этика
Имя лица Вундт, Вильгельм Макс (1832-1920)
801 #0 - ИСТОЧНИК ЗАПИСИ
Страна Российская Федерация
Организация NLR
Правила каталогизации psbo
801 #1 - ИСТОЧНИК ЗАПИСИ
Страна Российская Федерация
Организация ProSoft-M
Источник данных rusmarc
852 ## - МЕСТОНАХОЖДЕНИЕ И ШИФР ХРАНЕНИЯ
Идентификатор организации NLR
Шифр хранения (Call Number) 18.191.2.48
942 ## - ДОПОЛНИТЕЛЬНЫЕ ЭЛЕМЕНТЫ ЗАПИСИ (АБИС)
Тип экземпляра АБИС Книга
980 ## - КОЛЛЕКЦИЯ
Название коллекции Национальная библиография
Экземпляры
Тип экземпляра Дата поступления Библиотека постоянного хранения Библиотека текущего хранения Место хранения Шифр хранения Штрих-код Статус экземпляра
Книга 26.10.2013 РНБ (Садовая) РНБ (Садовая) Русский книжный фонд -Главное здание, Ленинский читальный зал 18.191.2.48 4448772-10